000 01000nam a2200217Ia 4500
999 _c42053
_d42053
001 8743
003 GE_BSU
005 20240513175958.0
008 181216s2013||||ge |||||||||||||| ||geo||
020 _a9789941412493
040 _cGE_BSU
041 _ageo
080 _a94(479.223) ც–51
100 _aცეცხლაძე, შოთა
_91699
245 _aაჭარის ასსრ ნომენკლატურულ პირთა შესახებ (1921-1940) /
_cშოთა ცეცხლაძე ; რედ. ლევან ხოზრევანიძე.
264 _aბათუმი :
_bშოთა რუსთაველის სახ. უნ–ტი,
_c2013.
300 _a296 გვ. ;
_c20 სმ.
653 _aაჭარის ასსრ ნომენკლატურულ პირთა შესახებ
700 _aხოზრევანიძე, ლევან
_eრედაქტორი
_922087
942 _cBK
_2udc